Die letzten 50 Erstbeobachtungen von Vogelarten in Europa - Statistiken

Allgemein
  • Dieses Quiz wurde 6 mal gespielt
  • Das Durchschnittsergebnis liegt bei 5 aus 50
Antwortstatistiken
Hint Antwort % Korrekt
Azoren Kapuzenwaldsänger
50%
Azoren Azurfink
25%
Weißrussland Bindenseeadler
25%
Azoren Blassfuß-Sturmtaucher
25%
Russland China-Fleckschnabelente
25%
Azoren Dreifarbenreiher
25%
Ungarn Gelbbrust-Pfeifgans
25%
Azoren Gelbscheitel-Waldsänger
25%
Griechenland Kappensteinschmätzer
25%
Schweden Kaptölpel
25%
Spanien Moschusente
25%
Griechenland Schopfwespenbussard
25%
Russland Steinauerhuhn
25%
Schweden Steppenregenpfeifer
25%
England Weichfeder-Sturmvogel
25%
Galizien, Spanien Weißkinn-Sturmvogel
25%
Spanien Wüstenuhu
25%
Spanien Atlasgrasmücke
0%
Azoren Augenring-Waldsänger
0%
Schottland Birkenschnäppertyrann
0%
Schottland Blaunachtigall
0%
Azoren Braunkehl-Waldsänger
0%
Andalusien, Spanien Braunrücken-Goldsperling
0%
Bulgarien Dornspötter
0%
England Gartenspottdrossel
0%
Friesland, Niederlande Graukopfkiebitz
0%
Dagestan, Russland Graukopf-Purpurhuhn
0%
Spanien Graurückendommel
0%
Portugal Guineataube
0%
Lappland Kamtschatkalaubsänger
0%
Bulgarien Kaptäubchen
0%
Madeira Kapverdensturmtaucher
0%
Kasachstan Mongolenbussard
0%
Schweden Mongolengimpel
0%
Schottland Rotflügelstärling
0%
Niederlande Rotlappenkiebitz
0%
Malta Saharaohrenlerche
0%
Kasachstan Salzlerche
0%
Azoren Sängervireo
0%
Azoren Schmalschnabel-Königstyrann
0%
Kasachstan Schneegeier
0%
Azoren Schwalbenweih
0%
Russland Schwanengans
0%
Niederlande Silberente
0%
Kasachstan Streifen-Zwergohreule
0%
England Trinidadesturmvogel
0%
Azoren Weißaugenvireo
0%
Türkei Weißohrbülbül
0%
Malta Wüstenläuferlerche
0%
Azoren Zitronenwaldsänger
0%
Keine übereinstimmenden Quizze gefunden
Verteilung der Resultate
Anzahl Personen mit jedem Resultat
Perzentil nach korrekt beantworteten Fragen
Ihre Resultats-Entwicklung
Sie haben dieses Quiz noch nicht gespielt